Abordajes en innovación, conocimiento y tecnología ante los retos de la realidad contemporánea /

Gespeichert in:
Bibliographische Detailangaben
1. Verfasser: Gallardo Velázquez, María Anahí (coordinación)
Weitere Verfasser: Cruz Rodríguez, David Salvador (coordinación) (coordinación)
Format: Buch
Sprache:Spanisch
Veröffentlicht: México : UAM Azcapotzalco, División de Ciencias Sociales y Humanidades, 2016, c2016
Schriftenreihe:(Biblioteca de Ciencias Sociales y Humanidades. Administración)
Schlagworte:
Tags: Tag hinzufügen
Keine Tags, Fügen Sie das erste Tag hinzu!

MARC

LEADER 00000nam^a2200000^a^4500
001 000400342
005 20250521000000.0
009 20260310121617.279
020 |a 978-607-28-0977-2 
037 |a Acervo ITESO - Biblioteca 
041 |a ESP 
082 |a 658. 00285  |b GAL 
100 |a Gallardo Velázquez, María Anahí  |e (coordinación) 
245 1 0 |a Abordajes en innovación, conocimiento y tecnología ante los retos de la realidad contemporánea /  |c Coord. de M.A. Gallardo Velázquez, D.S. Cruz Rodríguez. 
264 4 |a México :  |b UAM Azcapotzalco, División de Ciencias Sociales y Humanidades,  |c 2016, c2016 
300 |a 276 p. 
336 |a texto  |b txt  |2 rdacontenido 
337 |a sin mediación  |b n  |2 rdamedio 
338 |a volumen  |b nc  |2 rdasoporte 
440 1 |a (Biblioteca de Ciencias Sociales y Humanidades.  |p Administración) 
521 |a FIL 2017 EEnlace Coordinación de Investigación y Posgrado 
649 |a XX 
650 |a Conocimiento -  |x Administración 
650 |a Tecnologías de Comunicación e Información -  |x Función Organizacional 
650 |a Tecnologías de Comunicación e Información -  |x Aspectos Eticos 
650 |a Etica en los Negocios 
650 |a Creatividad en los Negocios 
650 |a Innovación Administrativa -  |x Tema Principal 
650 |a Desarrollo Tecnológico -  |x Tema Principal 
650 |a Negociación y Mediación 
650 |a Proceso Administrativo -  |x Dirección 
650 |a Administración 
650 |a Ciencias Administrativas 
700 |a Cruz Rodríguez, David Salvador  |e (coordinación) 
910 |a Fondo General 
920 |a Impresos - Libros 
930 |a Colección General 
905 |a 101 
901 |a 0500295394  |b IT1  |c ACC  |i c158313  |u 20250521 
902 |a https://opac.biblio.iteso.mx/vufind/Record/000400342